|
|
|
|
| LEADER |
00000cam a2200000 a 4500 |
| 001 |
105971 |
| 003 |
Ucuenca |
| 005 |
20230308171439.0 |
| 008 |
007120|2007 sp |||||r|||||||||||spa|| |
| 020 |
|
|
|a 9783833134593
|
| 040 |
|
|
|b spa
|
| 041 |
1 |
|
|a spa
|
| 082 |
0 |
|
|a 709.024
|
| 245 |
|
|
|a El arte en la Italia del Renacimiento: Arquitectura, Escultura, Pintura, Dibujo
|c Editado por Rolf Toman
|h imp
|
| 264 |
|
|
|a Barcelona
|b Könemann
|c 2007
|
| 300 |
|
|
|a 464 páginas:
|b ilu
|c 25 cm
|
| 504 |
|
|
|a incl. ref.
|
| 650 |
|
|
|a Renacimiento en italia
|9 57018
|
| 650 |
|
|
|a Pintura renancentista
|9 61573
|
| 650 |
|
|
|a Escultura
|9 1427
|
| 650 |
|
|
|a Pintura
|9 1426
|
| 650 |
|
|
|a Dibujo
|9 2149
|
| 650 |
|
0 |
|a Renacimiento
|9 1585
|
| 700 |
1 |
|
|a Toman, Rolf
|e editor
|9 267947
|
| 852 |
|
|
|a UC-CDJBV
|f Compra
|l 1
|m General
|p 20071207
|q 36,00
|r 2
|t 105971
|y 265022
|b 0
|d CDRC
|e CDRC
|g 724.12 SEGUNDO PISO
|z 2007-71-20
|
| 942 |
|
|
|c BK
|0 1
|
| 999 |
|
|
|c 36135
|d 36135
|